00000000nam 2200000za 4500
0019.567063
003CaOODSP
00520241104114215
007cr |||||||||||
008150406s2010    oncbdo  o    f000 0 eng d
020 |a9781100151298
040 |aCaOODSP|beng
043 |an-cn---
0861 |aCW69-14/96-2010E-PDF
1102 |aCanadian Wildlife Service.
24510|aCOSEWIC assessment and status report on the Rigid apple moss, Bartramia stricta, in Canada |h[electronic resource].
250 |a[Endangered 2009 edition].
260 |aOttawa - Ontario : |bEnvironment Canada, |c2009.
300 |a39 p.|bfigs., graphs, maps, tables, photographs
500 |aIssued also in French under title: Évaluation et rapport de situation du COSEPAC sur la Bartramie à feuilles dressées, Bartramia stricta, au Canada.
504 |aBibliography.
590 |a11-07|b2011-02-18
77508|tÉvaluation et rapport de situation du COSEPAC sur la Bartramie à feuilles dressées, Bartramia stricta, au Canada |w(CaOODSP)9.598430
794 |tCOSEWIC assessment and status report on the rigid apple moss, Bartramia aprica, in Canada.|b[Threatened 2023 edition]|w(CaOODSP)9.938348
85640|qPDF|s3857 KB|uhttps://publications.gc.ca/collections/collection_2011/ec/CW69-14-96-2010-eng.pdf